Song Cycles - Statistics

General Stats
  • This quiz has been taken 3 times
  • The average score is 12 of 26
Answer Stats
Hint Answer % Correct
Winterreise Franz Schubert
100%
Das Buch der hängenden Gärten Arnold Schönberg
50%
Holy Sonnets of John Donne Benjamin Britten
50%
Seven Sonnets of Michelangelo Benjamin Britten
50%
From Jewish Folk Poetry Dmitri Shostakovich
50%
Die schöne Müllerin Franz Schubert
50%
Schwanengesang Franz Schubert
50%
Ophelia Songs Gloria Coates
50%
Kindertotenlieder Gustav Mahler
50%
Lieder eines fahrenden Gesellen Gustav Mahler
50%
Les Nuits d'été Hector Berlioz
50%
Mörike Lieder Hugo Wolf
50%
Mirabai Songs John Harbison
50%
Diary of One Who Disappeared Leoš Janáček
50%
Songs and Dances of Death Modest Mussorgsky
50%
Sunless Modest Mussorgsky
50%
Poèmes pour Mi Olivier Messiaen
50%
Das Marienleben Paul Hindemith
50%
On Wenlock Edge Ralph Vaughan Williams
50%
Dichterliebe Robert Schumann
50%
Frauenliebe und -leben Robert Schumann
50%
Venus and Adonis Rodrigo Ruiz
50%
The Coffee Pot Face Katherine Freiberger
0%
Hermit Songs Samuel Barber
0%
Four Elizabethan Songs Vivian Fine
0%
Songs of Separation William Grant Still
0%
No matching quizzes found
Score Distribution
Percent of People with Each Score
Percentile by Number Answered
Your Score History
You have not taken this quiz